Psicología del niño /

Gorde:
Xehetasun bibliografikoak
Egile nagusia: Gaupp, Robert (autor)
Formatua: Liburua
Hizkuntza:gaztelania
Argitaratua: Barcelona, España : Labor, 1932, c1932
Edizioa:3a edición
Saila:(Biblioteca de Iniciación Cultural ; Educación) 109.
Gaiak:
Etiketak: Etiketa erantsi
Etiketarik gabe, Izan zaitez lehena erregistro honi etiketa jartzen!

MARC

LEADER 00000nam^a2200000^a^4500
001 000435058
005 20250521000000.0
009 20260310123121.937
037 |a Acervo Xavier Clavigero 
041 |a ESP 
082 |a 155. 4  |b GAU 
100 |a Gaupp, Robert  |e (autor) 
245 1 0 |a Psicología del niño /  |c R. Gaupp ; tr. por Antonio Vallejo Nágera. 
250 |a 3a edición 
264 4 |a Barcelona, España :  |b Labor,  |c 1932, c1932 
300 |a 253 p. 
336 |a texto  |b txt  |2 rdacontenido 
337 |a sin mediación  |b n  |2 rdamedio 
338 |a volumen  |b nc  |2 rdasoporte 
440 1 |a (Biblioteca de Iniciación Cultural ;  |v 109.  |p Educación) 
561 |a Ex libris de Bibl. Phil. Prov. Mex. S.I. 
561 |a Ex libris de Bibl. Iunioratus Dom. Prob. S. Ioseph 
649 |a XX 
650 |a Niños -  |x Condiciones Psicológicas -  |x Tema Principal 
650 |a Adolescentes -  |x Condiciones Psicológicas 
650 |a Desarrollo Cognoscitivo 
650 |a Desarrollo Sexual 
650 |a Desarrollo Físico 
650 |a Desarrollo Emocional 
650 |a Psicología Evolutiva -  |x Tema Principal 
650 |a Psicología 
910 |a Fondo General 
920 |a Impresos - Libros 
930 |a Colección General 
905 |a 101 
901 |a 013666  |b IT1  |c ACC  |i D  |u 20250521 
902 |a https://opac.biblio.iteso.mx/vufind/Record/000435058